000 00602nam a2200181 4500
999 _c16327
_d16327
008 211122b ||||| |||| 00| 0 eng d
022 _a0732-8435
082 _aDPer 657.05 C33 Apr - Sept 2016, v86 n4-9
100 _aRosenthal, Corey.
_942781
245 _aNevada's new tax revenue plan/
_cCorey Rosenthal and Arvinder Kaur.
260 _aNew York:
_bThe New York State Society of CPA,
_c©2016.
300 _av86 n8, pages 68-69;
_c28 cm.
500 _aThe CPA Journal
650 _aTaxation.
_943728
650 _aTax planning.
_943729
700 _aKaur., A.
_eAuthor.
_943730
942 _2ddc
_cPER